000 01258nam a2200325Ia 4500
001 ebr10058020
003 CaPaEBR
006 m u
007 cr cn|||||||||
008 970411s1997 enk sb 001 0 eng d
020 _z0203203062
020 _z0415152062
040 _aCaPaEBR
_cCaPaEBR
035 _a(OCoLC)647376131
050 1 4 _aJF1081
_b.G4 1997eb
100 1 _aGirling, John.
245 1 0 _aCorruption, capitalism and democracy
_h[electronic resource] /
_cJohn Girling.
260 _aLondon ;
_aNew York :
_bRoutledge,
_c1997.
300 _axiv, 181 p.
490 1 _aRoutledge studies in social and political thought ;
_v4
504 _aIncludes bibliographical references and index.
533 _aElectronic reproduction.
_bPalo Alto, Calif. :
_cebrary,
_d2009.
_nAvailable via World Wide Web.
_nAccess may be limited to ebrary affiliated libraries.
650 0 _aPolitical corruption
_vCase studies.
650 0 _aDemocracy.
650 0 _aCapitalism.
655 7 _aElectronic books.
_2local
710 2 _aebrary, Inc.
830 0 _aRoutledge studies in social and political thought ;
_v4.
856 4 0 _uhttp://site.ebrary.com/lib/rucke/Doc?id=10058020
_zAn electronic book accessible through the World Wide Web; click to view
999 _c68025
_d68025